| 000 | 00760cam a2200241 4500 | ||
|---|---|---|---|
| 001 | ABS61375 | ||
| 008 | 000000n1999 000 0 eng u | ||
| 035 | _a(Sirsi) u100664 | ||
| 245 | _aBates II | ||
| 260 | _c1999 | ||
| 490 |
_aPrivate Finance Initiative Journal _v4(4) September/October 1999, 6-9(3) |
||
| 520 | _aProvides a summary of Sir Malcolm Bates' recommendations in his second review of PFI, published in July 1999. | ||
| 590 | _aABS | ||
| 650 | _aACCOUNTING STANDARDS | ||
| 650 | _aTREASURY TASKFORCE | ||
| 650 | _aPROCUREMENT METHODS | ||
| 650 | _aGOVERNMENT POLICY | ||
| 650 | _aPFI PROJECTS | ||
| 650 | _aBATES REVIEW | ||
| 650 | _aPUBLIC PRIVATE PARTNERSHIPS | ||
| 690 | _aPROPERTY-PROPERTY FINANCE AND INVESTMENT | ||
| 942 | _n0 | ||
| 999 |
_c60208 _d60208 |
||